Le giornate di Genova /

Gespeichert in:
Bibliographische Detailangaben
1. Verfasser: Parodi, Anton Gaetano
Format: Buch
Sprache:Italienisch
Veröffentlicht: Roma : Editori riuniti university press, 2010
Schlagworte:
Tags: Tag hinzufügen
Keine Tags, Fügen Sie das erste Tag hinzu!

MARC

LEADER 00000nam a2200000 i 4500
001 IT\ICCU\USM\1882544
003 ItRI
005 20251029114057.0
008 101012s2010 it |||||| ||||| |||||c
015 |2 IT  |a 2010-9517 
020 |a 9788864730356 
040 |b ita  |c ct 
041 7 |a ita  |2 ISO-639-2 
082 |a 320.94509046  |2 20 
100 1 |a Parodi, Anton Gaetano  |0 IT\ICCU\SBLV\216779 
245 1 3 |a Le giornate di Genova /  |c Anton Gaetano Parodi. 
260 |a Roma :  |b Editori riuniti university press,  |c 2010 
300 |a 191 p. :  |b ill. ;  |c 21 cm 
650 7 |a Antifascismo  |x Genova  |x 1960 
942 |2 ddc  |c BK 
952 |0 0  |1 0  |2 ddc  |4 0  |6 320_945182100000000_PAR_GIO  |7 0  |9 277  |a GE  |b GE  |d 2015-02-08  |l 0  |o 320.9451821 PAR GIO  |p 1621  |r 2023-11-19 21:24:00  |w 2023-11-19  |y BK 
999 |c 204  |d 204